01186nam a2200241Ia 4500001000600000003000900006008004100015040001300056040001300069041001300082100001600095100002900111245005500140245006700195250001100262260001200273260001400285260004900299300005900348500049100407650001500898650003100913B4351IT-RoPAU130308s9999 xx 000 0 und d aIT-RoPAU cIT-RoPAU aITALIANO aSavan David gCodice Aut. SPICS: 19272 aTeoria semiotica dell'emozione secondo peirce (La) bSemiotica delle Passioni-Saggi di Analisi Semantica e Testuale a1a ed. aBOLOGNA bEsculapio c1991 [1° Ed.:1991 - Ed.Ling.Originale:1976] a"19 p. (prefazione: no ; testo: 19 [pagine: 139-157])" aRagione ed Emozioni. Emozioni Naturali e sentimenti Morali. Cognitivismo Eteoria dell'Emozione. Ground di una Emozione. relazione Fra Emozione e Oggetto. Interpretante di una Emozione. Distinzione tra Emozione e Sensazione.Emozioni e Valori. Aspetto Normativo dell'Emozione. Teoria Peirceiana dei sentimenti Logici. Emozioni Morali. sentimenti Come sistemi di Emozioni Stabili e Ordinati. Fede, speranza e Amore Sono sistemi di Emozioni Duraturi. sentimento Logico Centrale è L'Amore. aSEMIOLOGIA eCodice materia Spics: 3251